Αίθουσα τέχνης Γιομιστή Κεφαλή, 2008 : πρόγραμμα εκθέσεων.

Αποθηκεύτηκε σε:
Λεπτομέρειες βιβλιογραφικής εγγραφής
Μορφή: Βιβλίο
Γλώσσα:Greek
Δημοσίευση: [Χ. τ. : Γιομιστή Κεφαλή, 2008]
Θέματα:
Ετικέτες: Προσθήκη ετικέτας
Δεν υπάρχουν, Καταχωρήστε ετικέτα πρώτοι!

MARC

LEADER 00000cam a2200000 a 4500
001 1/112062
008 160923s2008####gr | ||| |||| ||gre||
040 |a GR-MyUa  |b gre  |c GR-MyUa  |e AACR2 
041 0 |a gre 
082 7 |a 707.4   |2 (23)  
245 1 0 |a Αίθουσα τέχνης Γιομιστή Κεφαλή, 2008 :   |b πρόγραμμα εκθέσεων.  
260 |a [Χ. τ. :   |b Γιομιστή Κεφαλή,   |c 2008]  
300 |a [30] φύλλα :   |b εικ. ;   |c 21 εκ.  
610 2 7 |2 nlgaf  |a Γιομιστή Κεφαλή  |v Exhibitions. 
852 |a INST  |b SYROS  |e 20160923  |h 707.4 ΑΙΘ  |p 005500012756  |q 005500012756  |t BK  |y 0 
970 |a Κοντού  |b Παρασκευή  |z 23/09/2016